|
|
|
|
| LEADER |
00000nam0a2200000 4500 |
| 001 |
129501 |
| 005 |
20231101220200.0 |
| 035 |
|
|
|a (RuTPU)RU\TPU\book\140164
|
| 090 |
|
|
|a 129501
|
| 100 |
|
|
|a 20080124d2006 m y0rusy50 ca
|
| 101 |
0 |
|
|a rus
|
| 102 |
|
|
|a RU
|
| 105 |
|
|
|a a j 001zy
|
| 200 |
1 |
|
|a Основы социального прогнозирования
|e учебное пособие
|f С. В. Негруль
|g Томский институт бизнеса
|
| 210 |
|
|
|a Томск
|c Изд-во Томского института бизнеса
|d 2006
|
| 215 |
|
|
|a 88 с.
|c ил.
|
| 320 |
|
|
|a Библиогр.: с. 88.
|
| 320 |
|
|
|a Словарь терминов: с. 86-88.
|
| 330 |
|
|
|a Учебное пособие по основам социального прогнозирования, включающее в себя конспект лекций и список рекомендованной литературы, подготовлен профессором кафедры менеджмента Томского института бизнеса Негруль Светланой Валерьевной. Оно предназначено студентам вуза, а также всем желающим для подготовки к экзаменам и зачетам по дисциплине «Основы социального прогнозирования». Учебное пособие составлено исходя из требований государственного стандарта подготовки специалистов по специальности «Менеджмент организации», утверждённого Минобразованием РФ.
|
| 606 |
1 |
|
|a Социальное прогнозирование
|2 stltpush
|3 (RuTPU)RU\TPU\subj\37879
|9 58650
|
| 610 |
1 |
|
|a социология
|
| 610 |
1 |
|
|a социальное прогнозирование
|
| 610 |
1 |
|
|a методология
|
| 610 |
1 |
|
|a информационные технологии
|
| 610 |
1 |
|
|a экстраполяция
|
| 610 |
1 |
|
|a экспертиза
|
| 610 |
1 |
|
|a верификация
|
| 610 |
1 |
|
|a качество
|
| 610 |
1 |
|
|a оценка
|
| 610 |
1 |
|
|a учебные пособия
|
| 686 |
|
|
|a С55.373.1я73
|v LBC/SL-A
|2 rubbk
|
| 700 |
|
1 |
|a Негруль
|b С. В.
|g Светлана Валерьевна
|
| 712 |
0 |
2 |
|a Томский институт бизнеса
|2 stltpush
|3 (RuTPU)RU\TPU\col\11863
|9 25280
|
| 801 |
|
1 |
|a RU
|b 63413507
|c 20080124
|g PSBO
|
| 801 |
|
2 |
|a RU
|b 63413507
|c 20140527
|g PSBO
|
| 900 |
|
|
|a Прогнозирование, проектирование и моделирование в социальной работе
|
| 900 |
|
|
|a Основы социального прогнозирования
|
| 942 |
|
|
|c BK
|